000 00864nam a22002777a 4500
001 BR8600653
003 BR-BrBNA
005 20240215132236.0
007 ta
008 230509b bl.||||| |||| 00| 0 por d
040 _aBR-BrBNA
_bpor
_cBiblioteca Nacional de Agricultura
041 _a(Por)
072 _aA50
090 _aA50
_bBR8600653
110 1 _aEmpresa Brasileira de Pesquisa Agropecuaria, Brasilia, DF (Brasil). Depto. de Difusao de Tecnologia
_93839
245 1 _aA nova republica e o papel da pesquisa agricola
_bVersao preliminar
246 1 _a[The new republic and the role of agricultural research]
260 3 _aBrasilia, DF (Brasil):
_c1985.
300 _a40 p.
500 _a35 ref.
650 _aDESENVOLVIMENTO ECONOMICO
650 _aPOLITICA DE PESQUISA
650 _aPESQUISA AGRICOLA
650 _aDIRETRIZ
942 _cBK
_2AGRIS
999 _c37793
_d37793